Random Countries of Europe in 1444 - Statistics

General Stats
  • This quiz has been taken 435 times
  • The average score is 12 of 20
Answers on the Map
Answers color-coded by a green-red scale on the quiz's map according to % correct below.
 
Answer Stats
Country % Correct
France
100%
Albania
95%
Norway
95%
Sweden
95%
England
93%
Scotland
93%
Holy Roman Empire
92%
Serbia
92%
Ottoman Empire
90%
Burgundy
87%
Lithuania
85%
Aragon
84%
Denmark
84%
Athens
83%
Byzantium
83%
Naples
83%
Bosnia
82%
Croatia
82%
Granada
82%
Hungary
82%
Moldavia
81%
Teutonic Order
81%
Venice
81%
Brittany
79%
Poland
79%
Crimea
78%
Muscovy
78%
Portugal
78%
The Isles
77%
Livonian Order
76%
Wallachia
73%
Papal States
71%
Ragusa
70%
East Frisia
69%
Navarra
69%
Castile
68%
Perm
68%
Riga
68%
Holstein
67%
Novgorod
67%
Genoa
64%
Herzegovina
64%
Pskov
64%
Epirus
62%
Kazan
62%
Great Horde
60%
Provence
60%
Flanders
59%
Mazovia
59%
Ryazan
59%
Circassia
56%
Tyrone
55%
Leinster
50%
Tver
50%
Ulster
50%
Bologna
48%
Munster
47%
Desmond
41%
Foix
41%
Theodoro
41%
Urbino
41%
San Marino
40%
Tyrconnell
40%
Orleans
38%
Beloozero
37%
Gazikumukh
37%
Nogai
37%
Thomond
35%
Naxos
34%
Armagnac
33%
Clanricarde
33%
Sligo
33%
Kildare
32%
Perugia
32%
Shirvan
32%
Yaroslavl
30%
Rostov
29%
Ormond
28%
Andorra
26%
Nevers
26%
Offaly
26%
Bourbonnais
25%
Odoyev
23%
Auvergne
21%
Avaria
19%
The Knights
8%
No matching quizzes found
Score Distribution
Percent of People with Each Score
Percentile by Number Answered
Your Score History
You have not taken this quiz